[Event "VIE-ch U20"]
[Site "Hanoi"]
[Date "2022.06.13"]
[Round "3"]
[White "Le, Huy Hai"]
[Black "Nguyen, Lam Tung"]
[Result "0-1"]
[WhiteElo "2275"]
[BlackElo "2260"]
[PlyCount "42"]
[EventDate "2022.06.11"]
[EventType "swiss"]
[EventRounds "9"]
[EventCountry "VIE"]
[SourceTitle "EXT 2023"]
[Source "ChessBase"]
[SourceDate "2022.10.05"]
[SourceVersion "1"]
[SourceVersionDate "2022.10.05"]
[SourceQuality "1"]

1. e4 c5 2. Nf3 Nc6 3. d4 cxd4 4. Nxd4 g6 5. Nc3 Bg7 6. Be3 Nf6 7. Nxc6 bxc6 8. e5 Ng8 9. f4 d5 10. Qd2 f6 11. 0-0-0 Nh6 12. Nxd5 cxd5 13. Bb5+ Kf7 14. Bc6 Be6 15. Bxa8 Qxa8 16. Rhf1 Rc8 17. Qa5 Qc6 18. Rd2 Qc4 19. Rf3 Nf5 20. Bg1 fxe5 21. fxe5 Bh6 0-1

[Event "Titled Tuesday intern op 01st Sept"]
[Site "Chess.com INT"]
[Date "2020.09.01"]
[Round "2"]
[White "Pniaczek, Marek"]
[Black "Nguyen, Lam Tung"]
[Result "0-1"]
[WhiteElo "2145"]
[BlackElo "1700"]
[PlyCount "50"]
[EventDate "2020.09.01"]
[EventType "swiss (blitz)"]
[EventRounds "10"]
[EventCountry "USA"]
[SourceTitle "CBM 198 Extra"]
[Source "ChessBase"]
[SourceDate "2020.11.30"]
[SourceVersion "1"]
[SourceVersionDate "2020.11.30"]
[SourceQuality "1"]

1. e4 e6 2. d4 d5 3. Nd2 Nf6 4. e5 Nfd7 5. Bd3 c5 6. c3 Nc6 7. Ne2 Qb6 8. Nf3 cxd4 9. cxd4 f6 10. exf6 Nxf6 11. 0-0 Bd6 12. a3 0-0 13. b4 Ng4 14. Ng3 e5 15. dxe5 Ncxe5 16. Nd4 Nxf2 17. Rxf2 Rxf2 18. Bxh7+ Kxh7 19. Kxf2 Bg4 20. Qc2+ Kh8 21. Be3 Bd7 22. Kg1 Ng4 23. Qd2 Re8 24. Re1 Bf4 25. Bf2 Bxd2 0-1

[Event "VIE Cup"]
[Site "Bac Giang"]
[Date "2018.06.01"]
[Round "4"]
[White "Nguyen, Lam Tung"]
[Black "Le, Tri Kien"]
[Result "1-0"]
[WhiteElo "1737"]
[BlackElo "1674"]
[PlyCount "115"]
[EventDate "2018.05.30"]
[EventType "swiss"]
[EventRounds "9"]
[EventCountry "VIE"]
[SourceTitle "CBM 184 Extra"]
[Source "ChessBase"]
[SourceDate "2018.06.28"]
[SourceVersion "1"]
[SourceVersionDate "2018.06.28"]
[SourceQuality "1"]

1. e4 c5 2. Nf3 d6 3. d4 cxd4 4. Nxd4 Nf6 5. Nc3 a6 6. Be2 e5 7. Nb3 Be7 8. 0-0 0-0 9. f4 b5 10. Bf3 Bb7 11. a3 Nbd7 12. f5 Rc8 13. Be3 Rxc3 14. bxc3 Bxe4 15. Bxe4 Nxe4 16. Qd3 Qa8 17. a4 bxa4 18. Rxa4 Nef6 19. Rxa6 Qc8 20. Rfa1 d5 21. h3 Bc5 22. Ra8 Bxe3+ 23. Qxe3 Qxa8 24. Rxa8 Rxa8 25. Nc5 Nxc5 26. Qxc5 h6 27. c4 dxc4 28. Qxe5 Rc8 29. c3 Kf8 30. g4 Ne8 31. Kg2 Rc7 32. Qb5 Ke7 33. Qe5+ Kd7 34. Qd4+ Ke7 35. Kf3 f6 36. Qd5 Rc8 37. Kg3 Rc7 38. Kh4 Kf8 39. Kh5 Rc8 40. Kg6 Rc7 41. Qe6 Re7 42. Qxc4 Nd6 43. Qd5 Nf7 44. c4 Ne5+ 45. Kh5 Rd7 46. Qe4 Rd3 47. h4 Kg8 48. c5 Kh7 49. Qg2 Rc3 50. Qf2 Rc4 51. Qe3 g6+ 52. fxg6+ Kg8 53. g5 hxg5 54. hxg5 Kg7 55. gxf6+ Kxf6 56. Qg5+ Ke6 57. g7 Rxc5 58. g8Q+ 1-0

[Event "VIE-ch U09"]
[Site "Ho Chi Minh City"]
[Date "2014.07.18"]
[Round "9"]
[White "Nguyen, Lam Tung"]
[Black "Dang, Tri Nang"]
[Result "1-0"]
[WhiteElo "1449"]
[BlackElo "1481"]
[PlyCount "139"]
[EventDate "2014.07.13"]
[EventType "swiss"]
[EventRounds "9"]
[EventCountry "VIE"]
[SourceTitle "EXT 2016"]
[Source "ChessBase"]
[SourceDate "2015.10.08"]
[SourceVersion "1"]
[SourceVersionDate "2015.10.08"]
[SourceQuality "1"]

1. e4 d6 2. Nc3 Nf6 3. d3 g6 4. g3 Bg7 5. Bg2 0-0 6. Nge2 c6 7. 0-0 Nbd7 8. h3 Qc7 9. Be3 b5 10. Qd2 Bb7 11. Rae1 a5 12. f4 a4 13. g4 Rad8 14. f5 Nb6 15. Nf4 d5 16. e5 d4 17. exf6 dxe3 18. Qxe3 exf6 19. fxg6 hxg6 20. Kh1 Nc8 21. Qf2 Nd6 22. Nfe2 Rfe8 23. Ng3 Rxe1 24. Rxe1 Bc8 25. Qf3 Bd7 26. Nce4 Nxe4 27. Nxe4 f5 28. gxf5 Bxf5 29. Nc3 Bd7 30. Re7 Rf8 31. Qg4 Re8 32. Rxd7 Re1+ 33. Bf1 Rxf1+ 34. Kg2 Qf4 35. Qxf4 Rxf4 36. Ne2 Rf5 37. d4 Kf8 38. Rc7 Rd5 39. c3 Rd6 40. Nf4 Bf6 41. Nd3 Bd8 42. Rc8 Ke8 43. Ne5 f6 44. Nxc6 Kd7 45. Rxd8+ Kxc6 46. Rxd6+ Kxd6 47. Kf3 Kd5 48. b3 a3 49. Ke3 g5 50. Kd3 f5 51. c4+ bxc4+ 52. bxc4+ Kd6 53. c5+ Kd5 54. Ke3 Kc6 55. Kf3 Kd5 56. Kg3 Kc6 57. h4 gxh4+ 58. Kxh4 Kd5 59. Kg3 Kxd4 60. c6 Kc3 61. c7 Kb2 62. c8Q Kxa2 63. Kf2 Kb1 64. Qb7+ Kc2 65. Qb4 a2 66. Qa3 Kb1 67. Qb3+ Ka1 68. Ke2 f4 69. Kd2 f3 70. Kc2 1-0

[Event "VIE-ch U09"]
[Site "Ho Chi Minh City"]
[Date "2014.07.15"]
[Round "5"]
[White "Nguyen, Duc Sang"]
[Black "Nguyen, Lam Tung"]
[Result "0-1"]
[WhiteElo "1595"]
[BlackElo "1449"]
[PlyCount "106"]
[EventDate "2014.07.13"]
[EventType "swiss"]
[EventRounds "9"]
[EventCountry "VIE"]
[SourceTitle "EXT 2016"]
[Source "ChessBase"]
[SourceDate "2015.10.08"]
[SourceVersion "1"]
[SourceVersionDate "2015.10.08"]
[SourceQuality "1"]

1. d4 c5 2. d5 e6 3. c4 Nf6 4. Nc3 exd5 5. cxd5 d6 6. e4 g6 7. Bf4 a6 8. a4 Bg7 9. Bd3 0-0 10. Nf3 Bg4 11. h3 Bxf3 12. Qxf3 Qc7 13. 0-0 Nbd7 14. Rac1 Rfb8 15. Rfe1 Ne8 16. g4 Ne5 17. Bxe5 Bxe5 18. Qe2 Qe7 19. Kg2 Nc7 20. Rf1 Bf4 21. Rb1 Qd7 22. b4 Be5 23. Qc2 b5 24. axb5 axb5 25. Nd1 c4 26. Be2 Ra4 27. f4 Bg7 28. f5 Be5 29. Qd2 Rba8 30. Nc3 Ra3 31. Rf3 Qe7 32. Kh1 Qh4 33. Bf1 Ne8 34. Bg2 Nf6 35. Kg1 Bxc3 36. Rxc3 Rxc3 37. Qxc3 Ra2 38. Rf1 Nd7 39. fxg6 hxg6 40. Qf3 Ne5 41. Qe3 Kg7 42. Qc3 Re2 43. Qa3 Nd3 44. Qa7 Ne5 45. Qa3 Rc2 46. Qe3 c3 47. Rc1 Rxc1+ 48. Qxc1 Qg3 49. Kh1 Qd3 50. Bf1 Qxe4+ 51. Bg2 Qd4 52. g5 Qd2 53. Qf1 c2 0-1

[Event "VIE-ch U09"]
[Site "Ho Chi Minh City"]
[Date "2014.07.15"]
[Round "4"]
[White "Nguyen, Lam Tung"]
[Black "Hoang, Quoc Khanh"]
[Result "1-0"]
[WhiteElo "1449"]
[BlackElo "1499"]
[PlyCount "113"]
[EventDate "2014.07.13"]
[EventType "swiss"]
[EventRounds "9"]
[EventCountry "VIE"]
[SourceTitle "EXT 2016"]
[Source "ChessBase"]
[SourceDate "2015.10.08"]
[SourceVersion "1"]
[SourceVersionDate "2015.10.08"]
[SourceQuality "1"]

1. e4 c5 2. Nf3 d6 3. d4 cxd4 4. Nxd4 Nf6 5. Nc3 g6 6. Be3 Bg7 7. Be2 Nc6 8. 0-0 0-0 9. Nb3 Bd7 10. f4 Qc8 11. h3 b6 12. Bf3 Rb8 13. Qe2 h6 14. Qf2 Kh7 15. Kh1 e5 16. Rad1 Qc7 17. Nb5 Qd8 18. Nxd6 Qe7 19. c4 Rfd8 20. c5 b5 21. Qe2 a6 22. a3 Be6 23. Nc1 Na5 24. Nd3 Bc4 25. b4 Nc6 26. Nxc4 bxc4 27. Nxe5 Nxe5 28. fxe5 Qxe5 29. Qxc4 Rxd1 30. Rxd1 Re8 31. Bd4 Qe7 32. Re1 Qe6 33. Qxe6 Rxe6 34. e5 Ne8 35. Bd5 Re7 36. Bc4 Nc7 37. a4 f6 38. e6 f5 39. Bxg7 Kxg7 40. b5 axb5 41. axb5 Kf6 42. b6 Na8 43. Bd5 Nc7 44. bxc7 Rxc7 45. e7 Rxe7 46. Rxe7 Kxe7 47. c6 Kd6 48. Kg1 g5 49. Kf2 f4 50. Kf3 h5 51. Bf7 Kxc6 52. Bxh5 Kd5 53. Kg4 Ke4 54. Kxg5 Ke5 55. Bg4 Ke4 56. h4 f3 57. gxf3+ 1-0

[Event "VIE-ch U09"]
[Site "Ho Chi Minh City"]
[Date "2014.07.13"]
[Round "1"]
[White "Nguyen, Lam Tung"]
[Black "Vo, Tuan Khanh"]
[Result "1-0"]
[WhiteElo "1449"]
[BlackElo "1500"]
[PlyCount "41"]
[EventDate "2014.07.13"]
[EventType "swiss"]
[EventRounds "9"]
[EventCountry "VIE"]
[SourceTitle "EXT 2016"]
[Source "ChessBase"]
[SourceDate "2015.10.08"]
[SourceVersion "1"]
[SourceVersionDate "2015.10.08"]
[SourceQuality "1"]

1. e4 e5 2. Nf3 Nc6 3. Nc3 Bc5 4. Nxe5 Nxe5 5. d4 Bxd4 6. Qxd4 d6 7. Be2 Nf6 8. Bf4 Qe7 9. 0-0 0-0 10. Rae1 c5 11. Qd2 Be6 12. Bg3 Bc4 13. Bxe5 dxe5 14. Bxc4 Rad8 15. Nd5 Nxd5 16. Bxd5 Qf6 17. Qa5 b6 18. Qxa7 Qg6 19. Re3 Kh8 20. Rg3 Qd6 21. c4 1-0